Fußball: Vornamen von Spielern bei der Euro 2024 - Statistiken

Allgemein
  • Dieses Quiz wurde 531 mal gespielt
  • Das Durchschnittsergebnis liegt bei 16 aus 24
Antwortstatistiken
Team Vorname Nachname % Korrekt
Deutschland Kai Havertz
100%
Schweiz Granit Xhaka
93%
Tschechien Patrik Schick
87%
Niederlande Virgil van Dijk
86%
Spanien Dani Carvajal
84%
Österreich Marcel Sabitzer
84%
Frankreich N'Golo Kanté
84%
Portugal Bruno Fernandes
83%
Slowenien Jan Oblak
83%
Belgien Romelu Lukaku
83%
England Cole Palmer
80%
Türkei Hakan Çalhanoğlu
79%
Ungarn Dominik Szoboszlai
76%
Schottland Andrew Robertson
73%
Dänemark Simon Kjær
64%
Serbien Dušan Tadić
58%
Kroatien Borna Sosa
57%
Polen Piotr Zieliński
52%
Slowakei László Bénes
51%
Albanien Klaus Gjasula
46%
Italien Giovanni di Lorenzo
41%
Georgien Budu Zivzivadze
24%
Rumänien Radu Drăgușin
17%
Ukraine Roman Yaremchuk
17%
Keine übereinstimmenden Quizze gefunden
Verteilung der Resultate
Anzahl Personen mit jedem Resultat
Perzentil nach korrekt beantworteten Fragen
Ihre Resultats-Entwicklung
Sie haben dieses Quiz noch nicht gespielt